|
|
|
|
| LEADER |
01919nam a2200445 4500 |
| 001 |
ocn843113877 |
| 003 |
OCoLC |
| 005 |
20170124071324.5 |
| 006 |
m o d |
| 007 |
cr cnu|||unuuu |
| 008 |
130515s2012 iau of 000 0 eng d |
| 040 |
|
|
|a DG1
|b eng
|e rda
|c DG1
|d CUS
|d CUI
|d NOC
|d OCLCO
|d OCLCQ
|d YDXCP
|d GrThAP
|
| 019 |
|
|
|a 902649359
|
| 020 |
|
|
|a 9781118703830
|q (electronic bk.)
|
| 020 |
|
|
|a 1118703839
|q (electronic bk.)
|
| 020 |
|
|
|z 9781118690390
|q (print)
|
| 020 |
|
|
|z 1118690397
|
| 029 |
1 |
|
|a AU@
|b 000051628845
|
| 029 |
1 |
|
|a NZ1
|b 15340570
|
| 029 |
1 |
|
|a GBVCP
|b 790207451
|
| 029 |
1 |
|
|a DEBBG
|b BV043395853
|
| 035 |
|
|
|a (OCoLC)843113877
|z (OCoLC)902649359
|
| 050 |
|
4 |
|a GV1471
|b .H69 2012
|
| 082 |
0 |
4 |
|a 793.2
|2 23
|
| 049 |
|
|
|a MAIN
|
| 245 |
0 |
0 |
|a How to plan profitable, WOW-factor galas.
|
| 264 |
|
1 |
|a Sioux City, Iowa :
|b Stevenson, Inc.,
|c [2012]
|
| 300 |
|
|
|a 1 online resource (61 pages)
|
| 336 |
|
|
|a text
|b txt
|2 rdacontent
|
| 337 |
|
|
|a computer
|b c
|2 rdamedia
|
| 338 |
|
|
|a online resource
|b cr
|2 rdacarrier
|
| 500 |
|
|
|a "Edited by Scott C. Stevenson"--Running title area.
|
| 505 |
0 |
|
|a Essential First Steps -- Budgeting & Cost-Conscious Advice -- Volunteer & Board Involvement -- Revenue: Gala Sponsorships -- Publicizing Your Gala, Creating Buzz -- Revenue: Maximizing Attendance, Ticket Sales -- Revenue: Making the Most of Live, Silent Auctions -- Creating a Crowd-Pleasing Experience -- Post-Event & Evaluation Procedures.
|
| 588 |
0 |
|
|a Online resource; title from PDF title page (Wiley, viewed on May 15, 2013).
|
| 650 |
|
0 |
|a Parties
|x Planning
|v Handbooks, manuals, etc.
|
| 655 |
|
4 |
|a Electronic books.
|
| 700 |
1 |
|
|a Stevenson, Scott C.,
|e editor.
|
| 776 |
0 |
8 |
|i Print version:
|t How to plan a profitable, wow-factor gala.
|d [S.l.] : Jossey-Bass, 2013
|z 1118690397
|w (OCoLC)828181946
|
| 856 |
4 |
0 |
|u https://doi.org/10.1002/9781118703830
|z Full Text via HEAL-Link
|
| 994 |
|
|
|a 92
|b DG1
|